000 00279nam a22001337a 4500
008 181022b xxu||||| |||| 00| 0 eng d
020 _a9780030193378
041 _aeng
080 _a311
100 _a51
101 _aSTA
245 _aStatistics
_cKirk, R.E
942 _2udc
_cBK
999 _c50529
_d50529